Any i mig de senador / (Record no. 148842)

MARC details
000 -LEADER
campo de control de longitud fija 00459nam a2200157 4500
001 - NÚMERO DE CONTROL
campo de control 148842
003 - IDENTIFICADOR DE NÚMERO DE CONTROL
campo de control ES-MaACL
005 - FECHA Y HORA DE LA ÚLTIMA TRANSACCIÓN
campo de control 20230906202831.0
007 - CAMPO FIJO DE DESCRIPCIÓN FÍSICA--INFORMACIÓN GENERAL
campo de control de longitud fija t|
008 - DATOS DE LONGITUD FIJA--INFORMACIÓN GENERAL
campo de control de longitud fija 070214s1979 sp r ||||1| cat d
100 1# - ENTRADA PRINCIPAL--NOMBRE DE PERSONA
Nombre de persona Subirats Piñana, Josep.
9 (RLIN) 108700
245 10 - MENCIÓN DEL TÍTULO
Título Any i mig de senador /
Mención de responsabilidad, etc. Josep Subirats Piñana.
260 ## - PUBLICACIÓN, DISTRIBUCIÓN, ETC.
Lugar de publicación, distribución, etc. Tortosa (cataluña) :
Nombre del editor, distribuidor, etc. [s. n.],
Fecha de publicación, distribución, etc. 1979 (
Fabricante Imp. Blanch)
300 ## - DESCRIPCIÓN FÍSICA
Extensión 31 p. ;
Dimensiones 22 cm.
852 ## - LOCALIZACIÓN
Ubicación ES-MaACL
Número de control de estantería 2110-F-17
Sublocalización o colección R.99537
Holdings
Estatus retirado Estado de pérdida Estado de daño No para préstamo Colección Biblioteca de origen Biblioteca actual Ubicación en estantería Fecha de adquisición Fuente de adquisición Total de préstamos Signatura topográfica completa Código de barras Visto por última vez Precio de reemplazo Tipo de ítem Koha
        Colección de folletos Biblioteca del Ateneo de Madrid Biblioteca del Ateneo de Madrid Depósito folletos 17/01/2008     2110-F-17 1155325 23/02/2023 23/02/2023 Folleto